The complete works: Letters 1814 and 1819
Salvato in:
| Autore principale: | |
|---|---|
| Natura: | Libro |
| Lingua: | Undetermined |
| Pubblicazione: |
New York, Estados Unidos
AMS Press
1970
|
| Soggetti: | |
| Tags: |
Aggiungi Tag
Nessun Tag, puoi essere il primo ad aggiungerne!!
|
MARC
| LEADER | 00000nam a2200000Ia 4500 | ||
|---|---|---|---|
| 008 | 170316s9999 xx 000 0 und d | ||
| 040 | |a cru BVZT | ||
| 090 | |a 820 K-2co v.4 | ||
| 100 | |a Keats, John | ||
| 245 | 4 | |a The complete works: Letters 1814 and 1819 | |
| 260 | |a New York, Estados Unidos | ||
| 260 | |b AMS Press | ||
| 260 | |c 1970 | ||
| 300 | |a 210 páginas Vol. 4 | ||
| 650 | |a LITERATURA INGLESA |9 12 | ||
| 650 | 0 | |a EN IDIOMA INGLÉS |9 129 | |
| 650 | |a POESÍA |9 18 | ||
| 999 | |c 6966 |d 6966 | ||
| 942 | |c LIB |h 820 K-2co v.4 |2 z | ||
